| 000 | 00636nam a22001937a 4500 | ||
|---|---|---|---|
| 003 | OSt | ||
| 005 | 20131003155128.0 | ||
| 008 | 130529s2006 sp ||||| |||| 00| 0 spa d | ||
| 040 | _cCDMR | ||
| 100 | 1 |
_93567 _aMarín, Carles |
|
| 245 | 1 | 0 |
_aPeriodismo audiovisual _b: información, entretenimiento y tecnologías multimedia _cCarles Marín ; [prólogo de Matías Prats] |
| 260 |
_aBarcelona _bGedisa _c2006 |
||
| 300 | _a188 p. | ||
| 490 | 0 |
_aMultimedia _vRadio y TV |
|
| 650 | 0 | 4 |
_9396 _aMitjans de comunicació de massa _yS. XX _zEspanya |
| 650 | 0 | 4 |
_93706 _aPeriodisme audiovisual |
| 700 | 1 |
_93568 _aPrats, Matías _epr. |
|
| 942 |
_2udc _cMON |
||
| 999 |
_c6349 _d6349 |
||